[Event "I Festival B"]
[Site "Cortina d'Ampezzo ITA"]
[Date "2003.07.07"]
[Round "1"]
[White "Capata, Ion"]
[Black "Neri, Angelo"]
[Result "1-0"]
[WhiteElo "2122"]
[BlackElo "2001"]
[PlyCount "71"]
[EventDate "2003.07.07"]

1. e4 e6 2. d4 d5 3. exd5 exd5 4. Bd3 Bd6 5. Nf3 Nf6 6. O-O O-O 7. h3 h6 8. Re1
Re8 9. Ne5 Nc6 10. Nxc6 Rxe1+ 11. Qxe1 bxc6 12. Nd2 c5 13. c3 Bd7 14. Nf3 Qe7
15. Qxe7 Bxe7 16. Ne5 cxd4 17. cxd4 c5 18. dxc5 Bxc5 19. Nxd7 Nxd7 20. Bf4 Bd4
21. Rb1 Nc5 22. Bb5 Ne4 23. Rd1 Bxf2+ 24. Kf1 Bg3 25. Be3 Nf6 26. Bc6 Rc8 27.
Rc1 Be5 28. Bxa7 Bxb2 29. Rc2 Be5 30. Bg1 Rb8 31. Ba7 Rc8 32. Bg1 Rc7 33. Ba4
Rxc2 34. Bxc2 Bb8 35. a4 Kf8 36. a5 1-0

[Event "I Festival B"]
[Site "Cortina d'Ampezzo ITA"]
[Date "2003.07.07"]
[Round "1"]
[White "Tortora, Franco"]
[Black "Mordiglia, Riccardo"]
[Result "1/2-1/2"]
[WhiteElo "1987"]
[BlackElo "2100"]
[PlyCount "28"]
[EventDate "2003.07.07"]

1. d4 g6 2. c4 Bg7 3. Nc3 d6 4. Nf3 Nd7 5. g3 e5 6. Bg2 Ne7 7. O-O O-O 8. dxe5
Nxe5 9. Nxe5 dxe5 10. e4 c6 11. Bg5 Qc7 12. Qd2 Be6 13. b3 Rad8 14. Qe3 b6
1/2-1/2

[Event "I Festival B"]
[Site "Cortina d'Ampezzo ITA"]
[Date "2003.07.08"]
[Round "2"]
[White "Ambrosi, Eleonora"]
[Black "Genna, Jose' Miguel"]
[Result "1-0"]
[WhiteElo "2091"]
[BlackElo "2009"]
[PlyCount "99"]
[EventDate "2003.07.07"]

1. e4 e6 2. d4 d5 3. Nc3 Bb4 4. Nge2 dxe4 5. a3 Bxc3+ 6. Nxc3 Nc6 7. d5 exd5 8.
Qxd5 Be6 9. Qxe4 Nf6 10. Qh4 Qd4 11. Bg5 Qe5+ 12. Be2 Nd4 13. O-O-O O-O-O 14.
Bd3 h6 15. Bxf6 gxf6 16. f4 Qc5 17. Qxf6 h5 18. Rhe1 Rhg8 19. Re5 Qb6 20. f5
Bd7 21. Qxb6 axb6 22. Be4 Bc6 23. Nd5 Ne2+ 24. Kb1 Kb8 25. Bf3 Rge8 26. Rxe2
Rxe2 27. Bxe2 Bxd5 28. Bxh5 Rh8 29. g4 c6 30. Re1 b5 31. Kc1 Ka7 32. Re7 Rh7
33. Kd2 Kb6 34. Ke3 c5 35. Kf4 Kc6 36. Kg5 Kd6 37. Re3 b6 38. Kf6 c4 39. Re8
Kc5 40. Rf8 b4 41. axb4+ Kxb4 42. Bxf7 Bxf7 43. Rxf7 Rxh2 44. g5 Rxc2 45. g6
Rxb2 46. g7 Rg2 47. Rf8 c3 48. g8=Q Rxg8 49. Rxg8 c2 50. Rc8 1-0

[Event "I Festival B"]
[Site "Cortina d'Ampezzo ITA"]
[Date "2003.07.08"]
[Round "2"]
[White "Dallaglio, Giovanni"]
[Black "Capata, Ion"]
[Result "1/2-1/2"]
[WhiteElo "2034"]
[BlackElo "2122"]
[PlyCount "111"]
[EventDate "2003.07.07"]

1. d4 d5 2. c4 e6 3. Nc3 Nf6 4. Nf3 b6 5. cxd5 exd5 6. Bg5 Be7 7. e3 Bg4 8. Bd3
O-O 9. Qc2 h6 10. h4 Nbd7 11. Ne5 Nxe5 12. dxe5 Nd7 13. Nxd5 Bxg5 14. hxg5 Qxg5
15. f4 Qd8 16. Qxc7 Qxc7 17. Nxc7 Nc5 18. Be2 Rac8 19. Nd5 Bxe2 20. Ne7+ Kh7
21. Nxc8 Bg4 22. Nd6 Nd3+ 23. Kd2 Nxb2 24. a4 Bd7 25. a5 Na4 26. axb6 axb6 27.
Rhb1 Bc6 28. Rb4 Nc5 29. Rxb6 Bxg2 30. Ra7 Kg8 31. f5 h5 32. Rc7 Ne4+ 33. Nxe4
Bxe4 34. f6 g5 35. e6 fxe6 36. Rxe6 Bf5 37. Rg7+ Kh8 38. Re5 Rxf6 39. Rxg5 Bg6
40. e4 Kg7 41. Ke3 Kh6 42. Rg3 Ra6 43. Kf4 Rf6+ 44. Rf5 Bxf5 45. exf5 Ra6 46.
Rg8 Ra4+ 47. Ke5 Ra5+ 48. Ke6 Ra6+ 49. Ke5 h4 50. f6 Ra5+ 51. Ke6 Ra6+ 52. Kf5
Ra5+ 53. Ke6 Ra6+ 54. Kf5 Ra5+ 55. Ke6 Ra6+ 56. Kf5 1/2-1/2

[Event "I Festival B"]
[Site "Cortina d'Ampezzo ITA"]
[Date "2003.07.09"]
[Round "3"]
[White "Ambrosi, Eleonora"]
[Black "Nardelli, Marco"]
[Result "1/2-1/2"]
[WhiteElo "2091"]
[BlackElo "1902"]
[PlyCount "45"]
[EventDate "2003.07.07"]

1. d4 Nf6 2. Nf3 e6 3. c4 c5 4. e3 cxd4 5. Nxd4 b6 6. Be2 Bb7 7. Bf3 Qc8 8. O-O
Be7 9. b3 a6 10. Bxb7 Qxb7 11. Nc3 O-O 12. Bb2 Ra7 13. Qf3 d6 14. Rac1 Rc8 15.
Qxb7 Rxb7 16. Rfd1 Nbd7 17. e4 Rbc7 18. Nf3 Bf8 19. h3 h6 20. Re1 Be7 21. Red1
Bf8 22. Re1 Be7 23. Red1 1/2-1/2

[Event "I Festival B"]
[Site "Cortina d'Ampezzo ITA"]
[Date "2003.07.09"]
[Round "3"]
[White "Capata, Ion"]
[Black "Sorcinelli, Francesco"]
[Result "0-1"]
[WhiteElo "2122"]
[BlackElo "2022"]
[PlyCount "112"]
[EventDate "2003.07.07"]

1. e4 c5 2. c3 d5 3. exd5 Qxd5 4. d4 Nc6 5. Nf3 cxd4 6. cxd4 e5 7. Nc3 Bb4 8.
Bd2 Bxc3 9. Bxc3 e4 10. Ne5 Nxe5 11. dxe5 Ne7 12. Qxd5 Nxd5 13. Bd2 O-O 14. Bc4
Be6 15. O-O Rac8 16. Rac1 h6 17. Rfe1 Rfd8 18. h3 e3 19. fxe3 Nc7 20. Ba5 b6
21. Bb4 Bxc4 22. Rxc4 Nd5 23. Rxc8 Rxc8 24. Ba3 Rc2 25. g3 b5 26. e4 Nb6 27.
Rd1 Nc4 28. Rd8+ Kh7 29. Rd7 a5 30. Bd6 Rxb2 31. Rxf7 Rxa2 32. Bf8 Nxe5 33.
Rxg7+ Kh8 34. Rb7 Nf3+ 35. Kf1 b4 36. e5 Kg8 37. Bxh6 Nxe5 38. Rg7+ Kh8 39. Re7
Nc4 40. Rb7 Nd6 41. Rb6 Ne4 42. g4 Ra3 43. h4 Rh3 44. h5 b3 45. Rb7 a4 46. Bg7+
Kg8 47. Bb2 Rh2 48. Be5 Nd2+ 49. Ke1 Nf3+ 50. Kd1 Nxe5 51. g5 Rxh5 52. Rb4 Rh1+
53. Kd2 b2 54. Kc2 a3 55. Rb7 Rc1+ 56. Kd2 b1=Q 0-1

[Event "I Festival B"]
[Site "Cortina d'Ampezzo ITA"]
[Date "2003.07.09"]
[Round "4"]
[White "Sorcinelli, Francesco"]
[Black "Ambrosi, Eleonora"]
[Result "1-0"]
[WhiteElo "2022"]
[BlackElo "2091"]
[PlyCount "77"]
[EventDate "2003.07.07"]

1. e4 c5 2. Nc3 e6 3. Nf3 Nc6 4. d4 cxd4 5. Nxd4 Qc7 6. Be3 a6 7. g3 Nf6 8. Bg2
Be7 9. O-O d6 10. Nxc6 bxc6 11. f4 h5 12. h3 Bb7 13. a4 c5 14. Rf2 O-O-O 15.
Rd2 Rdg8 16. Rb1 h4 17. g4 g5 18. f5 Nd7 19. Qe2 Ne5 20. Na2 Qc6 21. b3 Rd8 22.
c4 Rhe8 23. Qf2 Nd7 24. Rbd1 Nf6 25. Nc3 Rg8 26. Bxg5 Rxg5 27. Qe3 Nxg4 28.
hxg4 Rxg4 29. Kf1 Bg5 30. Qe2 Bxd2 31. Rxd2 Rdg8 32. Bh3 Rg3 33. fxe6 Rxh3 34.
exf7 Rh1+ 35. Kf2 Rh2+ 36. Kf3 Rg3+ 37. Kf4 Rxe2 38. f8=Q+ Kd7 39. Rxe2 1-0

[Event "I Festival B"]
[Site "Cortina d'Ampezzo ITA"]
[Date "2003.07.09"]
[Round "4"]
[White "Tortora, Franco"]
[Black "Solinas, Carlo"]
[Result "1/2-1/2"]
[WhiteElo "1987"]
[BlackElo "2083"]
[PlyCount "40"]
[EventDate "2003.07.07"]

1. d4 Nf6 2. c4 g6 3. Nf3 Bg7 4. g3 O-O 5. Bg2 d6 6. O-O c6 7. Nc3 Qa5 8. d5
Qb4 9. Nd2 Bd7 10. e4 cxd5 11. exd5 Na6 12. a3 Qb6 13. Na4 Qd4 14. Nc3 Bf5 15.
Nb5 Qd3 16. Re1 Rfe8 17. Re3 Qc2 18. Qe1 Ng4 19. Be4 Nxe3 20. Bxc2 Nxc2 1/2-1/2

[Event "I Festival B"]
[Site "Cortina d'Ampezzo ITA"]
[Date "2003.07.10"]
[Round "5"]
[White "Dallaglio, Giovanni"]
[Black "Tortora, Franco"]
[Result "1-0"]
[WhiteElo "2034"]
[BlackElo "1987"]
[PlyCount "47"]
[EventDate "2003.07.07"]

1. d4 Nf6 2. c4 c5 3. e3 e6 4. Nc3 d5 5. Nf3 Nc6 6. a3 dxc4 7. Bxc4 Be7 8. O-O
O-O 9. Qe2 a6 10. dxc5 Bxc5 11. Rd1 Qc7 12. b4 Be7 13. Bb2 b5 14. Bd3 Bb7 15.
Rac1 Qb8 16. Ne4 Nxe4 17. Bxe4 Nd8 18. Be5 Qa7 19. Rc7 Bf6 20. Bxf6 gxf6 21.
Rdd7 Rb8 22. Ng5 Qa8 23. Rxb7 Rxb7 24. Qh5 1-0

[Event "I Festival B"]
[Site "Cortina d'Ampezzo ITA"]
[Date "2003.07.10"]
[Round "5"]
[White "Solinas, Carlo"]
[Black "Sorcinelli, Francesco"]
[Result "0-1"]
[WhiteElo "2083"]
[BlackElo "2022"]
[PlyCount "112"]
[EventDate "2003.07.07"]

1. e4 g6 2. d4 Bg7 3. Nc3 d6 4. Bc4 Nf6 5. Qe2 O-O 6. e5 Ne8 7. e6 fxe6 8.
Bxe6+ Bxe6 9. Qxe6+ Kh8 10. Nf3 Nc6 11. Be3 Qc8 12. Ng5 Nxd4 13. Bxd4 Bxd4 14.
Nce4 Qxe6 15. Nxe6 Rf5 16. f4 Bxb2 17. Rb1 Rb5 18. Kd2 Rb6 19. c3 Ba3 20. Rb3
Rxb3 21. axb3 d5 22. N4g5 h6 23. Nf7+ Kh7 24. b4 a5 25. bxa5 Rxa5 26. Rb1 b6
27. Ne5 Bd6 28. Rb2 Bxe5 29. fxe5 g5 30. Kd3 Ra1 31. Rf2 Re1 32. Rf8 Rxe5 33.
Rf7+ Kg6 34. Rxe7 Kf6 35. Rxe8 Rxe6 36. Rh8 Ke5 37. Rf8 c5 38. Rf2 c4+ 39. Kd2
Kd6 40. Rf8 Kc5 41. Rc8+ Rc6 42. Rd8 b5 43. Rb8 Ra6 44. Rc8+ Kd6 45. Rd8+ Ke6
46. Ke3 b4 47. cxb4 Ra3+ 48. Kd4 Rd3+ 49. Kc5 c3 50. Re8+ Kd7 51. Re1 c2 52.
Rc1 Rd2 53. b5 Kc7 54. b6+ Kb7 55. Ra1 Rd1 56. Ra7+ Kb8 0-1

[Event "I Festival B"]
[Site "Cortina d'Ampezzo ITA"]
[Date "2003.07.11"]
[Round "6"]
[White "Nardelli, Marco"]
[Black "Genna, Jose' Miguel"]
[Result "0-1"]
[WhiteElo "1902"]
[BlackElo "2009"]
[PlyCount "76"]
[EventDate "2003.07.07"]

1. e4 e6 2. d4 d5 3. e5 c5 4. c3 Nc6 5. Nf3 Qb6 6. a3 c4 7. Nbd2 Bd7 8. Be2 Na5
9. O-O Ne7 10. Rb1 Nb3 11. Nxb3 Ba4 12. Ng5 Bxb3 13. Qd2 Nc6 14. f4 g6 15. g4
Bh6 16. Bd1 Bxd1 17. Qxd1 Bxg5 18. fxg5 Nxe5 19. Bf4 Nd7 20. Qe2 O-O-O 21. Be5
Nxe5 22. Qxe5 Rhf8 23. Rf2 Rd7 24. Rbf1 Qd8 25. Rf6 Re7 26. R6f3 Rd7 27. R1f2
a6 28. Rh3 Re7 29. Rxh7 f6 30. Rxf6 Rxh7 31. Qxe6+ Rd7 32. Rxg6 Re8 33. Qf5 Qe7
34. Rf6 Qe1+ 35. Qf1 Qe3+ 36. Kg2 Qxg5 37. Kg3 Re3+ 38. Rf3 Rde7 0-1

[Event "I Festival B"]
[Site "Cortina d'Ampezzo ITA"]
[Date "2003.07.11"]
[Round "6"]
[White "Sorcinelli, Francesco"]
[Black "Dallaglio, Giovanni"]
[Result "1/2-1/2"]
[WhiteElo "2022"]
[BlackElo "2034"]
[PlyCount "75"]
[EventDate "2003.07.07"]

1. e4 c5 2. Nc3 Nc6 3. Nge2 g6 4. d4 cxd4 5. Nxd4 Bg7 6. Be3 Nf6 7. Bc4 d6 8.
h3 Bd7 9. Bb3 O-O 10. O-O Nxd4 11. Bxd4 Bc6 12. f4 e5 13. fxe5 dxe5 14. Bxe5
Nxe4 15. Bxg7 Kxg7 16. Nxe4 Bxe4 17. Qe1 Qb6+ 18. Kh1 Qc6 19. Qf2 Rad8 20. Rad1
Rxd1 21. Rxd1 b6 22. Rd2 Bf5 23. Qd4+ Qf6 24. Qxf6+ Kxf6 25. Rf2 Ke5 26. Kg1
Be4 27. c3 f5 28. Rd2 h5 29. Rd7 a5 30. h4 Rf6 31. Kf2 f4 32. Re7+ Kf5 33. Ba4
Bc6 34. Bxc6 Rxc6 35. Kf3 Rd6 36. Rf7+ Ke5 37. Re7+ Kf5 38. Rf7+ 1/2-1/2

[Event "I Festival B"]
[Site "Cortina d'Ampezzo ITA"]
[Date "2003.07.11"]
[Round "7"]
[White "Dallaglio, Giovanni"]
[Black "Genna, Jose' Miguel"]
[Result "1/2-1/2"]
[WhiteElo "2034"]
[BlackElo "2009"]
[PlyCount "101"]
[EventDate "2003.07.07"]

1. d4 Nf6 2. Nf3 d5 3. c4 e6 4. Nc3 c6 5. e3 Nbd7 6. Qc2 Be7 7. Be2 O-O 8. O-O
b6 9. e4 dxe4 10. Nxe4 Qc7 11. b3 Bb7 12. Bb2 c5 13. Nxf6+ Bxf6 14. Rfd1 Rfd8
15. Rd2 cxd4 16. Bxd4 e5 17. Bb2 e4 18. Bxf6 Nxf6 19. Nd4 Qe5 20. Qc3 Rd7 21.
Qe3 Rad8 22. Rad1 h6 23. h3 Qc5 24. Kf1 b5 25. Ke1 bxc4 26. Bxc4 Nd5 27. Bxd5
Rxd5 28. Nc2 Qxc2 29. Rxc2 Rxd1+ 30. Ke2 Ba6+ 31. Rc4 R1d4 32. Qc3 f5 33. g3
R8d5 34. Qb4 Kh7 35. h4 Rd1 36. f3 exf3+ 37. Kxf3 R1d3+ 38. Kf4 Bxc4 39. bxc4
R3d4+ 40. Kf3 a5 41. Qb7 Rc5 42. Qf7 Rdxc4 43. h5 Rg4 44. a4 Rg5 45. Ke3 Rc3+
46. Kf2 Rcxg3 47. Qc7 Rg2+ 48. Kf3 R5g3+ 49. Kf4 Ra3 50. Qd7 Rxa4+ 51. Kf3
1/2-1/2

[Event "I Festival B"]
[Site "Cortina d'Ampezzo ITA"]
[Date "2003.07.11"]
[Round "7"]
[White "Lorusso, Giuseppe"]
[Black "Sorcinelli, Francesco"]
[Result "0-1"]
[WhiteElo "1801"]
[BlackElo "2022"]
[PlyCount "112"]
[EventDate "2003.07.07"]

1. d4 Nf6 2. c4 c5 3. d5 e6 4. Nc3 exd5 5. cxd5 d6 6. e4 g6 7. Bd3 Bg7 8. f4
O-O 9. Nf3 b5 10. Bxb5 Nxe4 11. Nxe4 Qa5+ 12. Nc3 Bxc3+ 13. bxc3 Qxb5 14. Kf2
Nd7 15. Re1 Ba6 16. Nd2 Qd3 17. Ne4 Qxd1 18. Rxd1 Rfe8 19. Nxd6 Re2+ 20. Kf3
Rc2 21. c4 Rd8 22. Be3 Nb6 23. Bxc5 Nxc4 24. Nxc4 Bxc4 25. Rac1 Bxd5+ 26. Ke3
Rxg2 27. Bxa7 Rxh2 28. a4 Rh3+ 29. Ke2 Re8+ 30. Kd2 Rf3 31. Rf1 Rxf1 32. Rxf1
Ra8 33. Bd4 Rxa4 34. Be5 Be6 35. Ke3 Ra8 36. Rb1 Bf5 37. Rb8+ Rxb8 38. Bxb8 f6
39. Ba7 Kf7 40. Kf3 g5 41. Be3 Kg6 42. Kg3 h5 43. Bd4 h4+ 44. Kg2 gxf4 45. Bg1
Bg4 46. Kf2 Kg5 47. Kg2 Be6 48. Bd4 Kf5 49. Bc5 Kg4 50. Bg1 Bd5+ 51. Kf2 Kh3
52. Kf1 Bg2+ 53. Ke1 Be4 54. Kf2 f5 55. Kf1 Bd3+ 56. Kf2 Be2 0-1

[Event "I Festival B"]
[Site "Cortina d'Ampezzo ITA"]
[Date "2003.07.12"]
[Round "8"]
[White "Dallaglio, Giovanni"]
[Black "Ambrosi, Eleonora"]
[Result "0-1"]
[WhiteElo "2034"]
[BlackElo "2091"]
[PlyCount "52"]
[EventDate "2003.07.07"]

1. d4 e6 2. Nf3 Nf6 3. c4 Bb4+ 4. Bd2 Qe7 5. g3 b6 6. Bg2 Bb7 7. O-O Bxd2 8.
Qxd2 O-O 9. Nc3 d6 10. Qc2 c5 11. e4 cxd4 12. Nxd4 Nbd7 13. Rfd1 a6 14. Qe2 g6
15. Rd2 Rac8 16. Rad1 Rfd8 17. Nc2 Ne5 18. Na3 Qc7 19. Bf1 Qc5 20. Kg2 Nxe4 21.
Nxe4 f5 22. f3 fxe4 23. fxe4 Rc7 24. Kh1 Rf7 25. Nc2 Nf3 26. Rd3 Qg1# 0-1

[Event "I Festival B"]
[Site "Cortina d'Ampezzo ITA"]
[Date "2003.07.12"]
[Round "8"]
[White "Sorcinelli, Francesco"]
[Black "Tondo, Salvatore"]
[Result "1-0"]
[WhiteElo "2022"]
[BlackElo "1839"]
[PlyCount "73"]
[EventDate "2003.07.07"]

1. e4 c5 2. Nc3 Nc6 3. Nge2 d6 4. d4 cxd4 5. Nxd4 e5 6. Nf5 Bxf5 7. exf5 Nf6 8.
Bg5 Be7 9. Bc4 Rc8 10. Bb3 O-O 11. Qf3 e4 12. Qe3 Ng4 13. Bxe7 Qxe7 14. Qe2 Nf6
15. O-O-O a6 16. g4 Qe5 17. Kb1 Nd4 18. Rxd4 Qxd4 19. g5 Rxc3 20. bxc3 Nd5 21.
cxd4 Nc3+ 22. Kb2 Nxe2 23. g6 Nxd4 24. gxf7+ Rxf7 25. Bxf7+ Kxf7 26. Re1 d5 27.
Rd1 Nxf5 28. Rxd5 Ke6 29. Rc5 Nd6 30. Rc7 Kf6 31. c4 b6 32. Kc3 h5 33. Rc6 Ke5
34. Rxb6 g5 35. Rxa6 g4 36. Rxd6 Kxd6 37. Kd4 1-0

[Event "I Festival B"]
[Site "Cortina d'Ampezzo ITA"]
[Date "2003.07.13"]
[Round "9"]
[White "Genna, Jose' Miguel"]
[Black "Sorcinelli, Francesco"]
[Result "1/2-1/2"]
[WhiteElo "2009"]
[BlackElo "2022"]
[PlyCount "61"]
[EventDate "2003.07.07"]

1. e4 c5 2. Nf3 d6 3. d4 cxd4 4. Nxd4 Nf6 5. Nc3 g6 6. Bc4 Bg7 7. Be3 O-O 8. f3
Nc6 9. Qd2 Bd7 10. h4 Rc8 11. Bb3 h5 12. O-O-O Ne5 13. Bg5 Rc5 14. g4 hxg4 15.
f4 Nc4 16. Qe2 b5 17. f5 a5 18. Bxf6 Bxf6 19. Nd5 Rxd5 20. exd5 Qb6 21. Bxc4
Bxd4 22. Bd3 Be3+ 23. Kb1 gxf5 24. Rhf1 f4 25. Rxf4 Bxf4 26. Qe4 f5 27. Qxf4
Rf7 28. h5 Qd8 29. h6 Qf8 30. Rh1 Rf6 31. Rh5 1/2-1/2

[Event "I Festival B"]
[Site "Cortina d'Ampezzo ITA"]
[Date "2003.07.13"]
[Round "9"]
[White "Tondo, Salvatore"]
[Black "Ambrosi, Eleonora"]
[Result "0-1"]
[WhiteElo "1839"]
[BlackElo "2091"]
[PlyCount "82"]
[EventDate "2003.07.07"]

1. e4 e6 2. d4 d5 3. e5 c5 4. c3 Qb6 5. Nf3 Bd7 6. Be2 cxd4 7. Nxd4 Nc6 8. Nxc6
bxc6 9. O-O f6 10. exf6 Nxf6 11. Nd2 Bd6 12. Nf3 O-O 13. c4 e5 14. cxd5 cxd5
15. Bg5 Be6 16. Bxf6 Rxf6 17. Ng5 Bc5 18. Bf3 Rd8 19. Nxe6 Qxe6 20. Rc1 Bb6 21.
Qe2 e4 22. Bg4 Qf7 23. Rc8 Rxc8 24. Bxc8 e3 25. f3 Qc7 26. Ba6 Rc6 27. Bd3 Rc2
28. Bxc2 Qxc2 29. Re1 Qxe2 30. Rxe2 d4 31. Rc2 d3 32. Rc8+ Kf7 33. Kf1 e2+ 34.
Ke1 Ba5+ 35. Rc3 Ke6 36. a3 Bxc3+ 37. bxc3 Kd5 38. h4 Kc4 39. Kd2 Kb3 40. g4
e1=Q+ 41. Kxe1 Kc2 0-1